Tvorba rezervy na opravu hmotného majetku po novelizácii zákona
Právna úprava tvorby rezerv na opravu hmotného majetku pre daňové účely po novelizácii zákona. Zmeny účinné od 1.1.1999 a od 1.1.2000. Rezerva na opravu nehnuteľností. Rezerva na opravu ostatného hmotného majetku. Vstupná cena ako základňa pre tvorbu rezervy na opravu hmotného majetku. Praktické prí...
Na minha lista:
| Autor principal: | |
|---|---|
| Formato: | Capítulo de Livro |
| Idioma: | eslovaco |
| Assuntos: | |
| Tags: |
Sem tags, seja o primeiro a adicionar uma tag!
|
MARC
| LEADER | 00000naa a2200000 4500 | ||
|---|---|---|---|
| 001 | r036010 | ||
| 005 | 20230926081639.7 | ||
| 041 | 0 | |a slo | |
| 044 | |a SK | ||
| 245 | 1 | 0 | |a Tvorba rezervy na opravu hmotného majetku po novelizácii zákona |c Zdenka Kováčová |
| 520 | |a Právna úprava tvorby rezerv na opravu hmotného majetku pre daňové účely po novelizácii zákona. Zmeny účinné od 1.1.1999 a od 1.1.2000. Rezerva na opravu nehnuteľností. Rezerva na opravu ostatného hmotného majetku. Vstupná cena ako základňa pre tvorbu rezervy na opravu hmotného majetku. Praktické príklady. | ||
| 610 | 2 | 0 | |a tvorba rezerv |
| 610 | 2 | 0 | |a majetok hmotný |
| 610 | 2 | 0 | |a opravy |
| 610 | 2 | 0 | |a rezervy |
| 610 | 2 | 0 | |a úpravy právne |
| 610 | 2 | 0 | |a novelizácia |
| 610 | 2 | 0 | |a ceny obstarávacie |
| 610 | 2 | 0 | |a 1999 |
| 610 | 2 | 0 | |a január |
| 610 | 2 | 0 | |a 2000 |
| 100 | 1 | |a Kováčová, Zdenka | |